| 000 | 00772nam a2200205Ia 4500 | ||
|---|---|---|---|
| 999 |
_c40324 _d40324 |
||
| 001 | 6932 | ||
| 003 | GE_BSU | ||
| 005 | 20200211170009.0 | ||
| 008 | 181216s1964||||ge |||||||||||||| ||geo|| | ||
| 040 | _cGE_BSU | ||
| 041 | _ageo | ||
| 080 | _a821.353.1-11 გ-97 | ||
| 100 |
_aგურამიშვილი, დავით. _96973 |
||
| 245 |
_aდავითიანი / _cდავით გურამიშვილი ; რედ. ნ. ინასარიძე. |
||
| 264 |
_aთბილისი : _bსაბჭ.საქართველო, _c1964. |
||
| 300 |
_a347 გვ. : _bილ. ; _c14 სმ. |
||
| 653 | _aდავითიანი | ||
| 700 |
_aინასარიძე, ნ. _eრედაქტორი _91193 |
||
| 942 |
_cBK _2udc |
||